| 000 | 00378nam a22001337a 4500 | ||
|---|---|---|---|
| 008 | 170126b xxu||||| |||| 00| 0 eng d | ||
| 050 | _a327/148/16 | ||
| 245 | _aYearbook of the United Ntions 1979 . / | ||
| 260 |
_aNew York: _bUnited Nations; _c1982. |
||
| 300 |
_axii,1441p.: _c2cm. |
||
| 440 | _aYearbook of the Nations 1979 . / | ||
| 500 | _aIncludes Index. | ||
| 942 |
_2lcc _cBK |
||
| 999 |
_c6218 _d13718 |
||